000
00329nam a22001457a 4500
005
20230727103631.0
008
230727b ||||| |||| 00| 0 eng d
040
_c
AL
041
_a
eng
082
_a
303.484
_b
TOFF
100
_a
Toffler Alwin
_9
128585
245
_a
Future shock
260
_a
Newyork
_c
1971
942
_2
ddc
_c
BK
999
_c
228172
_d
228172